Statistics for Friends trivia "The Apartment Bet"

Click here to take the quiz!

General Stats

  • This quiz has been taken 221 times
  • The average score is 11 of 17

Answer Stats

Hint Answer % Correct
Monica categorizes her towels. How many categories are there?11
93%
Chandler was how old when he first touched a girl’s breast?19
91%
What was Monica’s nickname when she was a field-hockey goalie?Big Fat Goalie
89%
In what part of her body did Monica get a pencil stuck at age 14?Her ear
82%
His profession was?Space cowboy
82%
What is Joey’s favorite food?Sandwiches
81%
Her actual favorite movie is?Weekend at Bernie’s
80%
Every week TV Guide comes to Chandler and Joey’s apartment. What name appears on the address label?Miss Chanandler Bong
71%
What is the name of Chandler’s father’s Las Vegas all-male burlesque?Viva Las Gaygas
69%
What does Rachel say Chandler's job is?Transpondster
68%
Monica and Ross had a grandmother who died. Chandler and Joey went to her funeral. Name that grandmother.Althea
67%
Joey had an imaginary childhood friend. His name was?Maurice
64%
What is Monica's biggest pet peeve?Animals dressed as humans
55%
All right, we have a tie! Luckily, I have prepared for such an event..?The Lightning Round
51%
According to Chandler, what phenomenon scares the bejesus out of him?Michael Flatley, Lord of the Dance
45%
Rachel claims this is her favorite movie:Dangerous Liaisons
30%
What actually is Chandler’s job?Executive specializing in statistical analysis and data reconfiguration
2%

Score Distribution

Percentile by Number Answered

Percent of People with Each Score

Your Score History

You have not taken this quiz